00496nam a2200169Ia 450000500170000000800410001708200130005810000180007124500340008926000410012330000130016465000140017765000170019194200060020895200970021499900150031120250627015319.0240331s9999 xx 000 0 und d bALAa379 aAlahakoon,M.J 0aAdyapanaya ha samaja balawega aColombobLake House book storec1986 a340 p ., aEducation aSocial Power cL 001040708LaWERCLbWERCLcSSCd2024-03-31l0o 379.2 ALAp3346r2024-03-31w2024-03-31yL c5102d5102